00761nam a2200229 a 450000100060000000300080000600500170001400800410003103500190007203500120009104000290010304100080013204200070014008200260014724500720017326000620024530000330030750001000034065000340044070000310047470000260050576966BD-RjUL20211209082917.0200210r19521963nyu x b 0 a0engd  a(BD-RjUL)77190 a2171047 aLCbengcLCdLCdBD-RjUL aeng alc04223a812.008bBES 196300aBest American plays /cedited with an introduction by John Gassner. aNew York :bCrown Publishers,c1952 [printing 1963, 1974] axxviii, 707 pages ; c25 cm. aEditors: 3rd-5th ser., J. Gassner; 6th ser., J. Gassner and C. Barnes; 7th- ser., C. Barnes. 0aAmerican dramay20th century.1 aGassner, John,d1903-1967.1 aBarnes, Clive,d1927-